UK Towns Quiz - Lincolnshire - Extreme - Statistics

General Stats
  • This quiz has been taken 236 times
  • The average score is 26 of 128
Answer Stats
Clue Population Name of Town % Correct
L 104,565 Lincoln
100%
B 45,339 Boston
91%
G 85,911 Grimsby
88%
G 44,898 Grantham
86%
S 20,704 Skegness
85%
S 81,286 Scunthorpe
78%
G 21,908 Gainsborough
73%
S 18,033 Sleaford
71%
C 29,678 Cleethorpes
68%
L 17,429 Louth
63%
S 30,556 Spalding
60%
M 7,629 Mablethorpe
59%
S 20,742 Stamford
51%
H 7,291 Horncastle
49%
M 4,959 Market Rasen
46%
B 5,635 Brigg
40%
B 11,919 Barton
39%
B 17,490 Bourne
39%
I 9,765 Immingham
38%
S 5,039 Sutton-on-sea
37%
L 5,382 Long Sutton
36%
S 3,917 Sutton Bridge
36%
S 1,027 Sutton St James
36%
N 16,844 North Hykeham
34%
S 1,069 South Hykeham
33%
S 3,677 Spilsby
27%
A 3,830 Alford
25%
C 2,284 Caistor
25%
D 7,253 Deeping St James
25%
D 1,299 Deeping St Nicholas
25%
M 6,535 Market Deeping
25%
I 1,930 Ingoldmells
24%
W 4,680 Woodhall Spa
24%
K 3,063 | 5,568 Kirton
23%
S 4,428 Saxilby
23%
C 3,431 Chapel St Leonards
20%
C 5,508 Coningsby
20%
H 3,316 Heckington
20%
W 1,861 Wragby
20%
R 5,652 Ruskington
18%
W 6,827 Waddington
18%
W 1,799 Wainfleet All Saints
18%
W 1,046 Wainfleet St Mary
18%
W 6,199 Waltham
18%
C 3,444 Cherry Willingham
17%
N 3,415 Nettleham
17%
B 1,842 Barnetby
16%
B 4,283 Branston
16%
C 4,616 Crowland
16%
H 14,863 Humberston
16%
M 3,518 Metheringham
16%
W 6,385 Washingborough
16%
H 8,757 Holbeach
14%
L 3,286 Laceby
14%
N 3,159 Navenby
14%
S 3,117 Skellingthorpe
14%
W 4,584 Welton
14%
L 1,005 Lea
13%
W 3,472 Witham
13%
B 2,069 Bardney
12%
B 2,845 Barrow
12%
B 5,788 Bracebridge
12%
D 3,196 Donington
12%
M 3,379 Messingham
12%
N 1,488 North Somercotes
12%
S 1,584 South Witham
12%
U 1,667 Ulceby
12%
W 4,765 Winterton
12%
B 2,303 Belton
11%
E 4,363 epworth
11%
B 4,495 Broughton
10%
B 2,158 Burgh
10%
G 2,322 Goxhill
10%
H 3,197 Healing
10%
H 2,021 Hibaldstow
10%
M 1,905 Manby
10%
P 4,276 Pinchbeck
10%
S 1,607 Scawby
10%
T 1,537 Tetney
10%
D 1,871 Dunholme
9%
H 3,818 Holton-le-Clay
9%
N 1,090 North Thoresby
9%
S 2,948 Scotter
9%
S 1,108 Stickney
9%
B 2,203 Billinghay
8%
B 2,370 Burton
8%
C 2,585 Cranwell
8%
K 2,094 Keelby
8%
S 1,519 Sibsey
8%
S 1,190 Stallingborough
8%
C 1,296 Colsterworth
7%
C 3,972 Crowle
7%
F 1,201 Fiskerton
7%
G 1,456 Gosberton
7%
K 1,234 Killingholme
7%
S 1,485 Sturton by Stow
7%
S 5,039 Swineshead
7%
L 1,552 Leasingham
6%
M 2,179 Morton
6%
W 1,194 Wrawby
6%
B 1,390 Billingborough
5%
B 1,365 Butterwick
5%
C 1,008 Corby Glen
5%
G 1,880 Great Gonerby
5%
L 2,155 Long Bennington
5%
S 1,046 Surfleet
5%
G 1,988 Greylees
4%
O 1,174 Old Leake
4%
S 1,734 Sudbrooke
4%
W 1,012 Winteringham
4%
B 2,043 Barrowby
3%
B 1,580 Baston
3%
C 1,352 Claypole
3%
C 1,370 Cowbit
3%
F 1,078 Fishtoft
3%
H 2,044 Haxey
3%
M 1,605 Moulton
3%
M 1,121 Moulton Chapel
3%
T 2,143 Thurlby
3%
W 1,103 Whaplode
3%
B 1,510 Bassingham
2%
O 1,156 Owston
2%
F 1,270 Fleet Hargate
1%
K 1,442 Keadby
1%
L 2,008 Langtoft
1%
S 1,067 Sutterton
1%
W 2,032 Westwoodside
0%
No matching quizzes found
Score Distribution
Percent of People with Each Score
Percentile by Number Answered
Your Score History
You have not taken this quiz